000 00289nam a22001337a 4500
008 170608b xxu||||| |||| 00| 0 eng d
020 _a9780393323726
041 _aeng
080 _a32
100 _a18
101 _aSHP
245 _aPOLITICAL NUMERACY
_cMEYERSON.M
942 _2udc
_cBK
999 _c16403
_d16403